PANDUAN MUDAH KHATAM AL-QURAN

Bibliographic Details
Main Author: Alyasak Berhan Ustaz , 1981- (Author)
Format: Book
Published: Batu Caves, Selangor : Must Read 2016
Subjects:

MARC

LEADER 00000cam a2200000 7i4500
001 0000123113
005 20170622.0
008 170622t20162016my 0000 bm
020 |a 9789670716947 
040 |a PERPUSTAM   |b eng   |c PERPUSTAM   |e rda 
090 0 0 |a 297.1224045   |b ALY 
100 0 |a Alyasak Berhan   |c Ustaz ,   |d 1981- ,   |e author 
245 1 0 |a PANDUAN MUDAH KHATAM AL-QURAN   |c ALYASAK BERHAN 
264 1 |a Batu Caves, Selangor :   |b Must Read   |c 2016 
300 |a vi, 99 pages :   |b illustration ;   |c 22 cm. 
336 |a text, rdacontent 
337 |a unmediated  |2 rdamedia 
338 |a volume  |2 rdacarrier 
500 |a contains verses from the Quran 
650 1 0 |a Qur'an   |x Readings 
650 2 0 |a Qur'an   |x Recitation 
999 |a 0000444193   |b Buku   |c Rak Terbuka   |e Bergerak 1 Jasin 
999 |a 0000444194   |b Buku   |c Rak Terbuka   |e Bergerak 6 M.Tanah 
999 |a 0000444195   |b Buku   |c Rak Terbuka   |e Perpustakaan Cawangan Alor Gajah 
999 |a 0000444196   |b Buku   |c Rak Terbuka   |e Perpustakaan Cawangan Jasin 
999 |a 0000444197   |b Buku   |c Rak Terbuka   |e Perpustakaan Cawangan Masjid Tanah 
999 |a 0000444198   |b Buku   |c Rak Terbuka   |e Perpustakaan Cawangan Merlimau 
999 |a 0000444199   |b Buku   |c Rak Terbuka   |e Perpustakaan Cawangan Merlimau 
999 |a 0000444200   |b Buku   |c Rak Terbuka   |e PD Desa Air Tawar 
999 |a 0000444201   |b Buku   |c Rak Terbuka   |e PD Felda Bkt Bulat 
999 |a 0000444202   |b Buku   |c Rak Terbuka   |e PERPUSTAKAAN PENJARA SUNGAI UDANG 
999 |a 0000444203   |b Buku   |c Rak Terbuka   |e PD Bertam Hulu 
999 |a 0000444204   |b Buku   |c Rak Terbuka   |e PD Bkt Senggeh 
999 |a 0000444205   |b Buku   |c Rak Terbuka   |e PD Chenderah 
999 |a 0000444206   |b Buku   |c Rak Terbuka   |e PD Ujung Padang 
999 |a 0000444207   |b Buku   |c Rak Terbuka   |e PD Felda Kemendor 
999 |a 0000444208   |b Buku   |c Rak Terbuka   |e PD Hutan Percha 
999 |a 0000444209   |b Buku   |c Rak Terbuka   |e PD Kg.Padang 
999 |a 0000444210   |b Buku   |c Rak Terbuka   |e PD Tmn Kesang Jaya 
999 |a 0000444211   |b Buku   |c Rak Terbuka   |e PD Kuala Linggi 
999 |a 0000444212   |b Buku   |c Rak Terbuka   |e PD Menggong 
999 |a 0000444213   |b Buku   |c Rak Terbuka   |e Desa Pulau Sebang 
999 |a 0000444214   |b Buku   |c Rak Terbuka   |e PD Pulai 
999 |a 0000444215   |b Buku   |c Rak Terbuka   |e PD Rantau Panjang 
999 |a 0000444216   |b Buku   |c Rak Terbuka   |e PD Klebang 
999 |a 0000444217   |b Buku   |c Rak Terbuka   |e Perpustakaan Kerjasama Tmn Seri Kandang 
999 |a 0000444218   |b Buku   |c Rak Terbuka   |e PD Chin Chin 
999 |a 0000444219   |b Buku   |c Rak Terbuka   |e PD Telok Gong 
999 |a 0000444220   |b Buku   |c Rak Terbuka   |e PD Asahan 
999 |a 0000444221   |b Buku   |c Rak Terbuka   |e PD Bemban 
999 |a 0000444222   |b Buku   |c Rak Terbuka   |e PD Durian Tunggal 
999 |a 0000444223   |b Buku   |c Rak Terbuka   |e Perpustakaan Desa Asahan 
999 |a 0000444224   |b Buku   |c Rak Terbuka   |e PD Japerun Serkam 
999 |a 0000444225   |b Buku   |c Rak Terbuka   |e PD Sg.Rambai 
999 |a 0000444226   |b Buku   |c Rak Terbuka   |e PK Aeon Jaya Jusco 
999 |a 0000444227   |b Buku   |c Rak Terbuka   |e PK Melaka Mall 
999 |a 0000444228   |b Buku   |c Rak Terbuka   |e PD Pekan Selandar 
999 |a 0000444229   |b Buku   |c Rak Terbuka   |e P Pekan Telok Mas 
999 |a 0000444230   |b Buku   |c Rak Terbuka   |e Perpustakaan Komuniti UTC Melaka 
999 |a 0000444231   |b Buku   |c Rak Terbuka   |e Perbadanan Perpustakaan Awam Melaka 
999 |a 0000444232   |b Buku   |c Rak Terbuka   |e Perbadanan Perpustakaan Awam Melaka